| 000 | 00641nam a2200229Ia 4500 | ||
|---|---|---|---|
| 003 | OSt | ||
| 005 | 20221006164007.0 | ||
| 006 | a|||||r|||| 00| 0 | ||
| 007 | ta | ||
| 008 | 221006b |||||||| |||| 00| 0 hin d | ||
| 024 | _a3,776 | ||
| 037 | _cTextual | ||
| 040 |
_aFML _cFML _bhin |
||
| 041 |
_2hin _ahin |
||
| 082 | _aO15:g(R5), L6 | ||
| 100 |
_aKathuriya Sunder Lal Au. _9676395 |
||
| 245 | 0 | _aAadhunik Yug Main Naveen Raaso ki Parikalpana | |
| 260 |
_aSaharanpur _bVidyarthi Prakashan _c1976 |
||
| 300 |
_a85 _ccm. |
||
| 942 |
_hO15:g(R5), L6 _cTEXL _2CC |
||
| 999 |
_c1115931 _d1115931 |
||